000 00424nmm a2200145Ia 4500
008 251105s9999||||xx |||||||||||||||||und||
041 _aspa
100 _aBeltrán Antolín, Joaquín
245 0 _aLa interculturalidad
264 _a[Madrid, España] :
_bUniversitat Oberta de Catalunya,
_c2015
300 _a55 páginas
650 _aSociology
856 _uhttps://public.digitaliapublishing.com/a/43987
942 _cCF
999 _c105751
_d105751